[Event "SR 3. liga A2 2017/2018"]
[Site "?"]
[Date "2018.03.04"]
[Round "10.1"]
[White "Hrubsa, Marian"]
[Black "Papanek, Lubomir"]
[Result "1-0"]
[WhiteElo "1937"]
[BlackElo "1581"]
[PlyCount "109"]
[EventDate "2017.??.??"]

1. e4 c5 2. Nf3 Nc6 3. d4 cxd4 4. Nxd4 e5 5. Nb5 d6 6. N1c3 Be6 7. Be3 a6 8.
Na3 Nf6 9. f3 Be7 10. Be2 d5 11. exd5 Nxd5 12. Nxd5 Bxd5 13. c4 Be6 14. Nc2 Qc7
15. O-O O-O 16. Qe1 f5 17. Qf2 f4 18. Bb6 Qd7 19. Rad1 Qe8 20. Bd3 Qf7 21. b3
Qh5 22. g4 Qg5 23. Qg2 Rf6 24. Bf2 Rh6 25. h4 Rxh4 26. Bxh4 Qxh4 27. Qh2 Qg5
28. Qxh7+ Kf7 29. Qh5+ Qxh5 30. gxh5 Kf6 31. Kg2 Bc5 32. Rh1 Rh8 33. Be4 Bf7
34. Rd7 Rd8 35. Rxd8 Nxd8 36. h6 gxh6 37. Rxh6+ Kg7 38. Rh7+ Kf6 39. Rh8 Be7
40. Ne1 Kg7 41. Rh7+ Kf6 42. Nd3 Ne6 43. Bxb7 Bg6 44. Rh6 Bd6 45. Be4 Nf8 46.
Nf2 Kg7 47. Rh1 Bc5 48. Bxg6 Nxg6 49. Ne4 Bb4 50. Rh5 Kf7 51. Kf2 Ke6 52. Ke2
Ne7 53. Rh6+ Kf7 54. Rxa6 Kg7 55. a3 1-0

[Event "SR 3. liga A2 2017/2018"]
[Site "?"]
[Date "2018.03.04"]
[Round "10.1"]
[White "Mraz, Jan"]
[Black "Planka, Peter"]
[Result "1/2-1/2"]
[WhiteElo "1637"]
[BlackElo "1800"]
[PlyCount "64"]
[EventDate "2017.??.??"]

1. d4 Nf6 2. b3 e6 3. Bb2 d5 4. e3 Be7 5. Bd3 O-O 6. Ne2 b6 7. Ng3 Ba6 8. O-O
Bxd3 9. Qxd3 Nbd7 10. Nd2 c5 11. c3 Qc7 12. Rac1 Rfc8 13. f3 cxd4 14. cxd4 Qb7
15. e4 h6 16. e5 Nh7 17. f4 Rxc1 18. Bxc1 Ndf8 19. f5 Bg5 20. Nf3 Bxc1 21. Rxc1
Rc8 22. Rc3 Qd7 23. Nh4 Qd8 24. Nf3 Ng5 25. Rxc8 Qxc8 26. Nxg5 Qc1+ 27. Qf1
Qxg5 28. fxe6 Nxe6 29. Nf5 Nf4 30. Nd6 Qg4 31. Kh1 Qe2 32. Qxe2 Nxe2 1/2-1/2

[Event "SR 3. liga A2 2017/2018"]
[Site "?"]
[Date "2018.03.04"]
[Round "10.2"]
[White "Cibulka, Vladimir"]
[Black "Ocko, Martin"]
[Result "0-1"]
[WhiteElo "2151"]
[BlackElo "2007"]
[PlyCount "88"]
[EventDate "2017.??.??"]

1. d4 Nf6 2. Nf3 g6 3. Bf4 Bg7 4. e3 d5 5. Bd3 O-O 6. h3 b6 7. O-O c5 8. c3 Ba6
9. Bxa6 Nxa6 10. Nbd2 Nb8 11. Ne5 Nfd7 12. Ndf3 Nxe5 13. Nxe5 e6 14. Qa4 f6 15.
Nf3 Qd7 16. Qa3 Rc8 17. Rad1 Bf8 18. Qb3 c4 19. Qc2 Bd6 20. Bxd6 Qxd6 21. e4
Nd7 22. Rfe1 Re8 23. e5 fxe5 24. Nxe5 Rf8 25. Nxg6 Rf7 26. Nh4 Rf6 27. Re3 Raf8
28. Rg3+ Kh8 29. Rf3 e5 30. Re1 e4 31. Rxf6 Qxf6 32. g3 Rg8 33. Kh2 Nf8 34. Re3
Ne6 35. f3 Rxg3 36. Kxg3 Qf4+ 37. Kf2 Qh2+ 38. Ng2 Nf4 39. Re2 Qxg2+ 40. Ke1
Qg1+ 41. Kd2 e3+ 42. Rxe3 Qf2+ 43. Kd1 Qxe3 44. Qf5 Qe2+ 0-1

[Event "SR 3. liga A2 2017/2018"]
[Site "?"]
[Date "2018.03.04"]
[Round "10.2"]
[White "Jarabek, Milan"]
[Black "Matis, Tibor"]
[Result "1-0"]
[WhiteElo "1724"]
[BlackElo "1908"]
[PlyCount "71"]
[EventDate "2017.??.??"]

1. e4 c5 2. Nf3 Nc6 3. Bb5 Nf6 4. Qe2 Nb4 5. Ba4 Qa5 6. Bb3 b5 7. c3 Nc6 8. O-O
c4 9. Bc2 d6 10. h3 e6 11. d4 cxd3 12. Bxd3 Rb8 13. Bg5 Be7 14. e5 Nxe5 15.
Nxe5 dxe5 16. Qxe5 Qb6 17. a4 bxa4 18. Rxa4 O-O 19. Rh4 Rd8 20. Bxh7+ Nxh7 21.
Bxe7 Rd5 22. Qe4 Rf5 23. Rxh7 Kxh7 24. g4 Bb7 25. Qc2 g6 26. gxf5 gxf5 27. Bg5
f6 28. h4 fxg5 29. hxg5 Kg6 30. Kh2 Qc6 31. f3 Qc4 32. Qg2 Rh8+ 33. Kg1 Rh4 34.
Nd2 Qf4 35. Rf2 Rg4 36. fxg4 1-0

[Event "SR 3. liga A2 2017/2018"]
[Site "?"]
[Date "2018.03.04"]
[Round "10.2"]
[White "Viczencz, Peter"]
[Black "Sadlon, Juraj"]
[Result "1-0"]
[WhiteElo "1861"]
[BlackElo "1911"]
[PlyCount "89"]
[EventDate "2017.??.??"]

1. e4 e5 2. Nf3 Nc6 3. d4 exd4 4. Bc4 Be7 5. Nxd4 d6 6. O-O Nf6 7. Nc3 O-O 8.
f4 Bg4 9. Qd3 Nxd4 10. Qxd4 Be6 11. Bd3 d5 12. e5 Nd7 13. Na4 c5 14. Qf2 c4 15.
Be2 b5 16. Nc3 b4 17. Nb5 Qb6 18. Qxb6 Nxb6 19. Be3 Rfd8 20. Nxa7 d4 21. Nc6
dxe3 22. Nxe7+ Kf8 23. Nc6 Rd2 24. Bf3 Bd5 25. Nxb4 Bxf3 26. gxf3 Na4 27. Rfe1
e2 28. Kf2 Nxb2 29. Rxe2 Rad8 30. Nc6 R8d7 31. Rb1 Nd1+ 32. Kf1 g6 33. Rxd2
Rxd2 34. Ke1 Rxc2 35. Kxd1 Rxa2 36. Rc1 Rxh2 37. Rxc4 Rf2 38. Nd4 h5 39. Ke1
Rb2 40. Kf1 Rd2 41. Ne2 Ke7 42. Kf2 Ke6 43. Rc7 h4 44. Rc1 Kf5 45. Ke3 1-0

[Event "SR 3. liga A2 2017/2018"]
[Site "?"]
[Date "2018.03.04"]
[Round "10.2"]
[White "Skapik, Branislav"]
[Black "Mezes, Kristof"]
[Result "0-1"]
[WhiteElo "1798"]
[BlackElo "1595"]
[PlyCount "46"]
[EventDate "2017.??.??"]

1. c4 e6 2. Nc3 Nf6 3. d4 d5 4. e3 Bb4 5. Bd2 O-O 6. Nf3 c5 7. Bd3 dxc4 8. Bxc4
Qb6 9. a3 cxd4 10. Nxd4 Be7 11. Qb3 Nbd7 12. O-O a6 13. Qxb6 Nxb6 14. Bd3 Bd7
15. Rac1 Rac8 16. Rc2 Rc7 17. Rfc1 Rfc8 18. Ne4 Rxc2 19. Rxc2 Rxc2 20. Bxc2
Nfd5 21. Ba5 Na4 22. b3 Nb2 23. Bd3 Nxd3 0-1

[Event "SR 3. liga A2 2017/2018"]
[Site "?"]
[Date "2018.03.04"]
[Round "10.2"]
[White "Minarik, Jozef"]
[Black "Pericka, Pavol"]
[Result "0-1"]
[WhiteElo "1432"]
[BlackElo "1788"]
[PlyCount "82"]
[EventDate "2017.??.??"]

1. e4 e5 2. Nf3 Nc6 3. d4 exd4 4. Nxd4 Qh4 5. Be3 Qxe4 6. Nc3 Bb4 7. Qd3 Nf6 8.
O-O-O Qxd3 9. Bxd3 Bxc3 10. bxc3 a6 11. Bf4 d6 12. Rhe1+ Kf8 13. Re2 Nd5 14.
Bd2 Bd7 15. Rde1 Re8 16. Bc4 Nde7 17. h3 h6 18. Kb2 g6 19. Nxc6 Nxc6 20. Rxe8+
Bxe8 21. Be3 Kg7 22. Bd4+ Nxd4 23. cxd4 Kf6 24. Re3 Rf8 25. Bb3 Bd7 26. c3 c5
27. Rf3+ Ke7 28. Re3+ Kd8 29. Bd5 cxd4 30. cxd4 Bc6 31. Be4 Kd7 32. Bxc6+ bxc6
33. Kc2 Rb8 34. Rf3 f5 35. Re3 Rb4 36. Kc3 Rb1 37. h4 Ra1 38. Re2 Rc1+ 39. Kb2
Rc4 40. Rd2 Ke6 41. Rc2 Kd5 0-1

[Event "SR 3. liga A2 2017/2018"]
[Site "?"]
[Date "2018.03.04"]
[Round "10.2"]
[White "Spacek, Marcel"]
[Black "Turczi, Arpad Matyas"]
[Result "1-0"]
[WhiteElo "1791"]
[BlackElo "1283"]
[PlyCount "41"]
[EventDate "2017.??.??"]

1. d4 c5 2. d5 d6 3. c4 e6 4. e4 Nf6 5. Nc3 Be7 6. Bd3 O-O 7. f4 e5 8. f5 Bd7
9. g4 h6 10. h4 Nh7 11. Nf3 f6 12. Be3 Na6 13. Qd2 Nb4 14. Be2 a5 15. O-O-O Be8
16. Rdg1 Na6 17. Bxh6 gxh6 18. Qxh6 Rf7 19. g5 Bf8 20. gxf6+ Kh8 21. Qg6 1-0

[Event "SR 3. liga A2 2017/2018"]
[Site "?"]
[Date "2018.03.04"]
[Round "10.2"]
[White "Kiss, Balazs"]
[Black "Sadlon, Matus"]
[Result "0-1"]
[WhiteElo "1440"]
[BlackElo "1694"]
[PlyCount "82"]
[EventDate "2017.??.??"]

1. e4 e5 2. Nf3 Nc6 3. Bc4 Nf6 4. Nc3 Be7 5. d3 d6 6. h3 O-O 7. Be3 a6 8. a3 b5
9. Ba2 Bb7 10. O-O Na7 11. b4 c6 12. Ne2 Qc7 13. Rc1 d5 14. exd5 cxd5 15. c3
Nc6 16. d4 e4 17. Bf4 Bd6 18. Bxd6 Qxd6 19. Nh4 Ne7 20. Qd2 Bc8 21. Qe3 h6 22.
f3 Re8 23. fxe4 Nxe4 24. Bb1 g5 25. Qf3 f5 26. Qh5 Rf8 27. Nf3 Bd7 28. Ne5 Be8
29. Qf3 Nd2 30. Qf2 Nxb1 31. Rxb1 Ng6 32. Nxg6 Bxg6 33. Rbe1 Rac8 34. h4 f4 35.
hxg5 hxg5 36. Qf3 Be4 37. Qh5 Qg6 38. Qg4 Rc7 39. Rf2 Rh7 40. Ng3 Qh6 41. Kf1
Bd3+ 0-1

[Event "SR 3. liga A2 2017/2018"]
[Site "?"]
[Date "2018.03.04"]
[Round "10.2"]
[White "Celustkova, Lubica"]
[Black "Vargaova, Veronika"]
[Result "1-0"]
[WhiteElo "1718"]
[BlackElo "1534"]
[PlyCount "93"]
[EventDate "2017.??.??"]

1. e4 e5 2. Nf3 Nc6 3. Bb5 a6 4. Ba4 Bc5 5. c3 Nf6 6. O-O h6 7. d4 Bd6 8. Re1
b5 9. Bc2 Bb7 10. Nbd2 O-O 11. Nf1 Qe7 12. Ng3 Nh7 13. Nf5 Qf6 14. h3 Rfe8 15.
Nh2 Ne7 16. Ng4 Qg6 17. dxe5 Bc5 18. b4 Bb6 19. Qxd7 Kf8 20. Nxe7 Rxe7 21. Qf5
Qxf5 22. exf5 f6 23. e6 h5 24. Nh2 Rd8 25. Bf4 Kg8 26. Rad1 Bd5 27. a4 c6 28.
a5 Ba7 29. Nf1 g5 30. fxg6 Nf8 31. Bf5 h4 32. Nh2 Kg7 33. Ng4 Nxg6 34. Bh6+ Kh7
35. Be3 Bb8 36. Nxf6+ Kg7 37. Bg5 Rh8 38. Nxd5 cxd5 39. Bxe7 Nxe7 40. Bg4 Ba7
41. Rd3 Rd8 42. Rf3 Nc8 43. Rf7+ Kg8 44. Rd7 Re8 45. e7 Kf7 46. Bh5+ Kf6 47.
Bxe8 1-0

[Event "SR 3. liga A2 2017/2018"]
[Site "?"]
[Date "2018.03.04"]
[Round "10.3"]
[White "Lanc, Alois"]
[Black "Sturdik, Igor"]
[Result "1-0"]
[WhiteElo "2281"]
[BlackElo "1998"]
[PlyCount "83"]
[EventDate "2017.??.??"]

1. e4 Nf6 2. e5 Nd5 3. d4 d6 4. c4 Nb6 5. exd6 exd6 6. Nc3 Be7 7. g3 O-O 8. Nf3
Bf5 9. b3 Nc6 10. Be3 Bf6 11. g4 Bg6 12. Qd2 a5 13. a3 a4 14. b4 d5 15. g5 Be7
16. c5 Nc4 17. Bxc4 dxc4 18. Rg1 Re8 19. O-O-O Bf8 20. Qa2 Qd7 21. Rg3 h5 22.
d5 Na7 23. Nd4 Rab8 24. Qe2 Qe7 25. Qf3 Be4 26. Qf4 Bd3 27. Nf5 Bxf5 28. Qxf5
g6 29. Qf4 Bg7 30. Bd4 Be5 31. Bxe5 Qxe5 32. Qxe5 Rxe5 33. Re3 Rbe8 34. Rde1
Rxe3 35. Rxe3 Rxe3 36. fxe3 Kg7 37. Ne4 f5 38. gxf6+ Kf7 39. Kd2 b6 40. Kc3 Nc8
41. Kd4 Na7 42. Ke5 1-0

[Event "SR 3. liga A2 2017/2018"]
[Site "?"]
[Date "2018.03.04"]
[Round "10.3"]
[White "Bukovsky, Milan"]
[Black "Kozinka, Roman"]
[Result "1/2-1/2"]
[WhiteElo "1925"]
[BlackElo "1997"]
[PlyCount "94"]
[EventDate "2017.??.??"]

1. d4 Nf6 2. c4 e6 3. Nc3 Bb4 4. e3 c5 5. Bd3 cxd4 6. exd4 Nc6 7. Nf3 d5 8. a3
Bxc3+ 9. bxc3 Qa5 10. Bb2 O-O 11. O-O dxc4 12. Bxc4 b6 13. Qe2 Bb7 14. Rac1 Qh5
15. Ba6 Bxa6 16. Qxa6 Qa5 17. Qe2 b5 18. c4 bxc4 19. Rxc4 Qa6 20. Qc2 Ne7 21.
Rc1 Ned5 22. Ne5 Qb7 23. Nd3 Rab8 24. Bc3 Rfd8 25. Ba5 Re8 26. Bc7 Rbc8 27. Bg3
Rxc4 28. Qxc4 h6 29. Nb4 Nxb4 30. axb4 Rd8 31. Be5 Nd5 32. b5 Qe7 33. Qc5 Qd7
34. h3 Nb6 35. Qc6 Qd5 36. Qxd5 Rxd5 37. Rc5 Kf8 38. Kf1 Nd7 39. Rxd5 exd5 40.
Bd6+ Ke8 41. Ke2 h5 42. Kd3 g6 43. Kc3 Kd8 44. Kb4 Kc8 45. Ka5 Kb7 46. Be7 Nb6
47. Kb4 Nd7 1/2-1/2

[Event "SR 3. liga A2 2017/2018"]
[Site "?"]
[Date "2018.03.04"]
[Round "10.3"]
[White "Capanda, Jan"]
[Black "Mosny, Jaroslav"]
[Result "0-1"]
[WhiteElo "1880"]
[BlackElo "1913"]
[PlyCount "70"]
[EventDate "2017.??.??"]

1. e4 e5 2. Nf3 d6 3. h3 Nf6 4. Nc3 g6 5. Bc4 Bg7 6. d3 O-O 7. Bg5 c6 8. a3
Nbd7 9. Qd2 Nc5 10. h4 Be6 11. Ba2 Bxa2 12. Nxa2 Ne6 13. Nc3 Qc7 14. Nh2 Nd4
15. f4 exf4 16. O-O-O b5 17. Qxf4 Nh5 18. Qf2 b4 19. axb4 Qb6 20. Be3 Qxb4 21.
Rdf1 Rab8 22. Nd1 Qa4 23. Re1 Ng3 24. Rhg1 Rxb2 25. Nxb2 Qa1+ 26. Kd2 Qxb2 27.
Bxd4 Bxd4 28. Qxg3 Qc3+ 29. Ke2 Be5 30. Qh3 Qxc2+ 31. Kf1 f5 32. Nf3 Qxd3+ 33.
Kf2 fxe4 34. Rgf1 exf3 35. Rxe5 fxg2+ 0-1

[Event "SR 3. liga A2 2017/2018"]
[Site "?"]
[Date "2018.03.04"]
[Round "10.3"]
[White "Doucha, Ludvig"]
[Black "Lopatievov, Alexander"]
[Result "1-0"]
[WhiteElo "1861"]
[BlackElo "1820"]
[PlyCount "120"]
[EventDate "2017.??.??"]

1. Nf3 Nf6 2. d4 d5 3. Bg5 Nbd7 4. Nbd2 c5 5. e3 a6 6. c3 e6 7. Bd3 Be7 8. O-O
h6 9. Bh4 b5 10. Re1 Bb7 11. a4 c4 12. Bc2 Ne4 13. Bxe7 Qxe7 14. Nxe4 dxe4 15.
Nd2 f5 16. axb5 axb5 17. Rxa8+ Bxa8 18. Qh5+ Qf7 19. Qxf7+ Kxf7 20. Ra1 Bd5 21.
Ra7 Ke7 22. f3 exf3 23. gxf3 Ra8 24. Rxa8 Bxa8 25. e4 Kf6 26. Kf2 g5 27. Kg3
Bb7 28. h4 Nb6 29. Kh3 Bc6 30. Kg3 Bb7 31. Kh3 Bc6 32. Kg3 Bb7 33. b3 Bc6 34.
hxg5+ Kxg5 35. b4 Bb7 36. Nb1 Bc6 37. Na3 Bd7 38. Kf2 fxe4 39. fxe4 e5 40. d5
Nc8 41. Kg3 Nd6 42. Nb1 Ne8 43. Nd2 Ng7 44. Bd1 Ne8 45. Nf1 Nd6 46. Bc2 Bc8 47.
Nh2 Nf7 48. Bd1 Kg6 49. Bg4 Bxg4 50. Nxg4 Kg7 51. Kf3 Kg6 52. Kg3 Kg7 53. Ne3
Kf6 54. Nf5 Kg6 55. Kg4 Kf6 56. Kh5 Nh8 57. Nd6 Ng6 58. Nxb5 Nf4+ 59. Kg4 Ne2
60. Kf3 Nc1 1-0

[Event "SR 3. liga A2 2017/2018"]
[Site "?"]
[Date "2018.03.04"]
[Round "10.3"]
[White "Slaba, Andrea"]
[Black "Krist, Milan"]
[Result "1-0"]
[WhiteElo "1905"]
[BlackElo "1814"]
[PlyCount "117"]
[EventDate "2017.??.??"]

1. d4 d5 2. c4 e5 3. dxe5 d4 4. Nf3 Nc6 5. Nbd2 Bg4 6. g3 Bc5 7. a3 d3 8. e3
Nxe5 9. Qa4+ Bd7 10. Qb3 Nxf3+ 11. Nxf3 Bc6 12. Bg2 Qf6 13. Qd1 O-O-O 14. O-O
Nh6 15. Nd2 Bxg2 16. Kxg2 Rhe8 17. Qf3 Qxf3+ 18. Nxf3 f6 19. Rd1 Rd7 20. b4 Bf8
21. Ra2 Ng4 22. Rad2 Red8 23. Bb2 a6 24. Ne1 c5 25. bxc5 Bxc5 26. Rxd3 Rxd3 27.
Rxd3 Rxd3 28. Nxd3 Be7 29. h3 Nh6 30. Kf3 Nf7 31. h4 Nd6 32. c5 Nc4 33. Bc1 Kd7
34. Ke4 Kc6 35. Kf5 Kd7 36. e4 Na5 37. g4 Nb3 38. Be3 Na5 39. Bd4 Nb3 40. Be3
Na5 41. h5 Nc6 42. f3 Nd8 43. e5 fxe5 44. Nxe5+ Ke8 45. f4 Bf6 46. g5 Bxe5 47.
Kxe5 Kd7 48. f5 Nc6+ 49. Ke4 Ke8 50. Bd4 Kf7 51. Be5 g6 52. fxg6+ hxg6 53. h6
Kg8 54. Kd5 Kh7 55. Bf6 Na7 56. a4 Nc8 57. Ke6 Kg8 58. Kd7 Na7 59. Kc7 1-0

[Event "SR 3. liga A2 2017/2018"]
[Site "?"]
[Date "2018.03.04"]
[Round "10.3"]
[White "Babirat, Michal"]
[Black "Rau, Vladimir"]
[Result "1-0"]
[WhiteElo "1859"]
[BlackElo "1677"]
[PlyCount "117"]
[EventDate "2017.??.??"]

1. c4 c6 2. d4 d5 3. Nc3 Nf6 4. Bg5 e6 5. a3 dxc4 6. e4 Be7 7. Bxc4 Nbd7 8. Nf3
b5 9. Bb3 Bb7 10. O-O O-O 11. Rc1 Nb6 12. Ne5 Rc8 13. f3 a6 14. Be3 c5 15. Ne2
c4 16. Bc2 Nbd7 17. Nxd7 Nxd7 18. Nc3 Qc7 19. Qe2 Rfd8 20. Rfd1 Nf6 21. Qf2 g6
22. Bb1 Ne8 23. Kh1 Qc6 24. e5 Nc7 25. Be4 Nd5 26. Nxd5 exd5 27. Bb1 a5 28. f4
f6 29. f5 g5 30. e6 Qe8 31. Qe2 b4 32. axb4 axb4 33. h4 h6 34. g3 b3 35. Kg2
Rc7 36. Rf1 Kg7 37. hxg5 hxg5 38. Bxg5 fxg5 39. Qe5+ Bf6 40. Qxc7+ Qe7 41.
Qxe7+ Bxe7 42. f6+ Bxf6 43. Rcd1 Ba6 44. Rh1 Bc8 45. Rh7+ Kg8 46. Rf7 Bg7 47.
e7 Re8 48. Bg6 Bd7 49. Rdf1 c3 50. bxc3 b2 51. Rb1 Rb8 52. Rf2 Be8 53. Bxe8
Rxe8 54. Rbxb2 Rxe7 55. Rf5 Bh6 56. Rxd5 g4 57. Re5 Rc7 58. Rc2 Kf7 59. Re4 1-0

[Event "SR 3. liga A2 2017/2018"]
[Site "?"]
[Date "2018.03.04"]
[Round "10.3"]
[White "Gajarsky, Julius"]
[Black "Holicky, Miroslav"]
[Result "0-1"]
[WhiteElo "1715"]
[BlackElo "1765"]
[PlyCount "84"]
[EventDate "2017.??.??"]

1. d4 d5 2. c4 c6 3. Nc3 Nf6 4. Nf3 g6 5. Bf4 Nh5 6. Bd2 Bg7 7. e3 O-O 8. Be2
dxc4 9. Bxc4 b5 10. Be2 Nd7 11. Rc1 Bb7 12. O-O a6 13. h3 Re8 14. Qb3 e5 15.
dxe5 Nxe5 16. Nxe5 Rxe5 17. Qc2 c5 18. Bxh5 Rxh5 19. f4 Qe7 20. Rce1 b4 21. Ne2
Rd8 22. Ng3 Rhd5 23. Rf2 f5 24. Kh2 Rd3 25. Nf1 Be4 26. Qc4+ Kh8 27. Qc1 Bf6
28. g3 Bd5 29. b3 Qe4 30. g4 fxg4 31. Ng3 Qe6 32. e4 Bh4 33. Re3 Bxe4 34. Nxe4
Rxe3 35. Qb2+ Kg8 36. Nxc5 Rxh3+ 37. Kg1 Bxf2+ 38. Kxf2 Rxd2+ 39. Qxd2 Rh2+ 40.
Kf1 Rxd2 41. Nxe6 Rxa2 42. Nc5 Kf7 0-1

[Event "SR 3. liga A2 2017/2018"]
[Site "?"]
[Date "2018.03.04"]
[Round "10.3"]
[White "Suchan, Jozef"]
[Black "Skreko, Igor"]
[Result "1-0"]
[WhiteElo "1744"]
[BlackElo "1573"]
[PlyCount "95"]
[EventDate "2017.??.??"]

1. d4 d5 2. c4 c6 3. e3 Nf6 4. Nf3 e6 5. Bd3 Bd6 6. O-O O-O 7. Nc3 Nbd7 8. b3
b6 9. Bb2 Bb7 10. Rc1 Rc8 11. Re1 Re8 12. Qe2 Qe7 13. cxd5 cxd5 14. Nb5 a5 15.
Nxd6 Qxd6 16. Ne5 Ne4 17. Bb5 Nxe5 18. dxe5 Qe7 19. Bxe8 Qxe8 20. Rxc8 Bxc8 21.
Rc1 Bd7 22. f3 Nc5 23. Bd4 Bb5 24. Qd2 Nd7 25. Qc3 Ba6 26. Qc7 h6 27. Bxb6 Nxb6
28. Qxb6 Bd3 29. Qxa5 Qb8 30. Qc3 Ba6 31. a4 Qb6 32. Kf2 Qb8 33. Rb1 Qe8 34.
Rc1 Qb8 35. b4 Bc4 36. b5 Qc7 37. a5 Qb7 38. b6 Kh7 39. Qb4 g6 40. Rxc4 dxc4
41. Qxc4 Qd7 42. a6 Qd2+ 43. Qe2 Qb4 44. a7 Qa5 45. Qb2 g5 46. b7 Qxa7 47. b8=Q
Qd7 48. Qd6 1-0

[Event "SR 3. liga A2 2017/2018"]
[Site "?"]
[Date "2018.03.04"]
[Round "10.4"]
[White "Blatnicky, Miroslav"]
[Black "Skreno, Vladimir"]
[Result "0-1"]
[WhiteElo "2091"]
[BlackElo "2166"]
[PlyCount "80"]
[EventDate "2017.??.??"]

1. e4 c5 2. Nf3 Nc6 3. d4 cxd4 4. Nxd4 e5 5. Nxc6 bxc6 6. Bd3 Bc5 7. O-O Ne7 8.
Nd2 O-O 9. Nc4 Qc7 10. Be3 Bxe3 11. Nxe3 d5 12. c3 Rb8 13. Qb1 f5 14. exf5 e4
15. Be2 Nxf5 16. Nxf5 Bxf5 17. b4 Rf6 18. Qc1 Rh6 19. g3 Bh3 20. Re1 Rf8 21.
Bf1 Bxf1 22. Rxf1 Qd7 23. f4 exf3 24. Rf2 Re6 25. Qd2 Qe7 26. Raf1 Re3 27. Qd4
a6 28. a3 h6 29. a4 Qe4 30. Qc5 Rf6 31. Kh1 h5 32. Qa7 Rxc3 33. Qxa6 Qxb4 34.
Qc8+ Kh7 35. a5 Qxa5 36. g4 d4 37. Rg1 Rg6 38. h4 hxg4 39. h5 Qxh5+ 40. Rh2 Rh6
0-1

[Event "SR 3. liga A2 2017/2018"]
[Site "?"]
[Date "2018.03.04"]
[Round "10.4"]
[White "Slamena, Michal"]
[Black "Mikudik, Ivan"]
[Result "1-0"]
[WhiteElo "2018"]
[BlackElo "1903"]
[PlyCount "81"]
[EventDate "2017.??.??"]

1. e4 e6 2. d4 d5 3. Nc3 dxe4 4. Nxe4 Nd7 5. Nf3 Ngf6 6. Bg5 Be7 7. Bxf6 Nxf6
8. Bd3 O-O 9. Qe2 g6 10. O-O-O Qd5 11. Nc3 Qa5 12. Kb1 b5 13. Ne5 Bb7 14. Bxb5
c5 15. f3 Rfc8 16. Nc4 Qc7 17. dxc5 Qxc5 18. Na5 Bd5 19. Nb3 Qc7 20. Ba6 Rd8
21. g4 Bb4 22. Nxd5 Nxd5 23. h4 Bf8 24. c3 Bg7 25. Rc1 Rab8 26. h5 Rb6 27. hxg6
hxg6 28. Bc4 Nf4 29. Qf1 Rdb8 30. Rc2 Qe5 31. Qe1 Qc7 32. Qe4 a5 33. Nxa5 Bxc3
34. Bb3 Nd5 35. Rhc1 Qa7 36. Nc4 Bxb2 37. Nxb6 Bg7 38. Rc8+ Rxc8 39. Rxc8+ Kh7
40. Nxd5 exd5 41. Qxd5 1-0

[Event "SR 3. liga A2 2017/2018"]
[Site "?"]
[Date "2018.03.04"]
[Round "10.4"]
[White "Podjavorinsky, Michal"]
[Black "Bisco, Igor"]
[Result "1/2-1/2"]
[WhiteElo "1910"]
[BlackElo "2052"]
[PlyCount "46"]
[EventDate "2017.??.??"]

1. e4 e5 2. Nf3 Nc6 3. d4 exd4 4. Nxd4 Bc5 5. Nb3 Bb6 6. Nc3 d6 7. Qe2 h6 8.
Bf4 Nf6 9. f3 Qe7 10. O-O-O Bd7 11. g3 O-O-O 12. Bg2 Rhe8 13. Rhe1 Be6 14. Qf1
Ne5 15. Bh3 Kb8 16. Bxe6 Qxe6 17. a4 a6 18. a5 Ba7 19. Kb1 Qc4 20. Qxc4 Nxc4
21. Nd5 Nxd5 22. Rxd5 Ne5 23. Bxe5 Rxe5 1/2-1/2

[Event "SR 3. liga A2 2017/2018"]
[Site "?"]
[Date "2018.03.04"]
[Round "10.4"]
[White "Racik, Marek"]
[Black "Miciak, Emanuel"]
[Result "0-1"]
[WhiteElo "1845"]
[BlackElo "1885"]
[PlyCount "70"]
[EventDate "2017.??.??"]

1. d4 Nf6 2. Nc3 d5 3. Bg5 e6 4. e4 dxe4 5. Nxe4 Be7 6. Nxf6+ Bxf6 7. Bxf6 Qxf6
8. Nf3 O-O 9. Bd3 Nc6 10. O-O Bd7 11. c3 Rfd8 12. Re1 Rac8 13. Qc2 h6 14. Re3
Be8 15. b4 a5 16. b5 Ne7 17. Ne5 Nd5 18. Rg3 c5 19. Qd2 Qf4 20. Qe1 h5 21. Rf3
Qh6 22. Qe4 Nxc3 23. Qxb7 Rb8 24. Qe7 Nd5 25. Qxc5 Rdc8 26. Qa3 Nb4 27. Rb1 f6
28. Bc4 Nd5 29. Bxd5 exd5 30. Nd3 Rxb5 31. Re1 Bg6 32. Rfe3 Be4 33. Nc5 Qg6 34.
Nxe4 dxe4 35. Rxe4 Qxe4 0-1

[Event "SR 3. liga A2 2017/2018"]
[Site "?"]
[Date "2018.03.04"]
[Round "10.4"]
[White "Smrek, Peter"]
[Black "Cebo, Vladimir"]
[Result "0-1"]
[WhiteElo "1711"]
[BlackElo "1618"]
[PlyCount "58"]
[EventDate "2017.??.??"]

1. c4 e5 2. Nc3 Nf6 3. g3 c6 4. Bg2 Bc5 5. e3 d6 6. h3 Be6 7. b3 O-O 8. Nge2
Qe7 9. O-O d5 10. cxd5 Nxd5 11. Nxd5 cxd5 12. Bb2 Nc6 13. a3 Rfd8 14. b4 Bd6
15. f4 Qd7 16. Kh2 Rac8 17. Bc3 a6 18. f5 Bxf5 19. Bxd5 Bg6 20. Qb3 e4 21. Qb2
Ne5 22. Bxe5 Bxe5 23. Bxf7+ Bxf7 24. Qxe5 Qxd2 25. Rf2 Qxe3 26. Raf1 Bc4 27.
Kg2 Bxe2 28. Qe6+ Kh8 29. Qxc8 Bxf1+ 0-1

[Event "SR 3. liga A2 2017/2018"]
[Site "?"]
[Date "2018.03.04"]
[Round "10.4"]
[White "Gajarsky, Roman"]
[Black "Jancovicova, Petra"]
[Result "1/2-1/2"]
[WhiteElo "1810"]
[BlackElo "1687"]
[PlyCount "79"]
[EventDate "2017.??.??"]

1. e4 e5 2. Nf3 Nc6 3. d4 exd4 4. Nxd4 Nf6 5. Nxc6 bxc6 6. Bd3 Be7 7. O-O O-O
8. Nc3 d6 9. Ne2 Re8 10. Ng3 d5 11. f3 Bc5+ 12. Kh1 h6 13. Bd2 Rb8 14. Qc1 dxe4
15. Nxe4 Nxe4 16. fxe4 Bd6 17. Bf4 Bxf4 18. Qxf4 Be6 19. b3 Qe7 20. Rf3 $11 a5
21. a4 Rb4 22. Qe5 c5 23. Rg3 f6 24. Qh5 Kh8 25. Rf1 c4 $11 26. bxc4 c5 27. h4
Bxc4 28. Rxf6 Qxf6 29. Qxe8+ Bg8 30. Qh5 Rxa4 31. Rf3 Qe7 32. g3 c4 33. Bf1
Qxe4 34. Qf5 Qxf5 35. Rxf5 Ra2 36. Rc5 Rxc2 37. Rxa5 Rc1 38. Kg2 c3 39. Rc5 c2
40. Bd3 1/2-1/2

[Event "SR 3. liga A2 2017/2018"]
[Site "?"]
[Date "2018.03.04"]
[Round "10.4"]
[White "Podjavorinsky, Peter"]
[Black "Janas, Peter"]
[Result "0-1"]
[WhiteElo "1689"]
[BlackElo "1756"]
[PlyCount "76"]
[EventDate "2017.??.??"]

1. e4 d5 2. exd5 Qxd5 3. Nf3 Nf6 4. Nc3 Qa5 5. Be2 g6 6. O-O Bg7 7. d4 c6 8.
Bd2 O-O 9. Qc1 Qd8 10. Bh6 Bg4 11. Bxg7 Kxg7 12. Rd1 Nbd7 13. h3 Bxf3 14. Bxf3
Qc7 15. d5 Ne5 16. Be2 cxd5 17. Nxd5 Nxd5 18. Rxd5 Rfd8 19. Rxd8 Rxd8 20. Qe3
Nc6 21. Rd1 Rxd1+ 22. Bxd1 Qe5 23. Qxe5+ Nxe5 24. Be2 g5 25. b4 f5 26. b5 b6
27. g4 f4 28. Kg2 Kf7 29. a4 Ke6 30. Bf3 Kd6 31. Be4 h6 32. h4 Nxg4 33. hxg5
hxg5 34. Kf3 Ne5+ 35. Ke2 Kc5 36. f3 Kb4 37. Bc6 Kxa4 38. c3 Kb3 0-1

[Event "SR 3. liga A2 2017/2018"]
[Site "?"]
[Date "2018.03.04"]
[Round "10.4"]
[White "Tupy, Bystrik"]
[Black "Lanyi, Frantisek"]
[Result "1-0"]
[WhiteElo "1702"]
[BlackElo "1687"]
[PlyCount "57"]
[EventDate "2017.??.??"]

1. e4 e5 2. Nf3 Nc6 3. Bb5 Nf6 4. Nc3 Bc5 5. O-O d6 6. d4 exd4 7. Nxd4 Bd7 8.
Nxc6 bxc6 9. Bd3 h6 10. Kh1 O-O 11. h3 Be6 12. f4 d5 13. e5 Nh7 14. f5 Bc8 15.
Qg4 f6 16. Bxh6 Qe7 17. e6 Kh8 18. Bd2 Rg8 19. Ne2 Bd6 20. Bf4 g5 21. fxg6 Bxe6
22. Qh5 Qg7 23. Qxh7+ Qxh7 24. gxh7 Rg7 25. Bxd6 cxd6 26. Rxf6 Re8 27. Raf1
Rge7 28. Rf8+ Rxf8 29. Rxf8+ 1-0

[Event "SR 3. liga A2 2017/2018"]
[Site "?"]
[Date "2018.03.04"]
[Round "10.5"]
[White "Pagerka, Martin"]
[Black "Kalmar, Tamas"]
[Result "1-0"]
[WhiteElo "2328"]
[BlackElo "2098"]
[PlyCount "95"]
[EventDate "2017.??.??"]

1. e4 e6 2. d4 d5 3. Nc3 dxe4 4. Nxe4 Bd7 5. Nf3 Bc6 6. Bd3 Nd7 7. Bg5 Be7 8.
h4 Ngf6 9. Qe2 Nxe4 10. Bxe4 Bxe4 11. Qxe4 c6 12. O-O-O Nf6 13. Bxf6 Bxf6 14.
g4 Qd5 15. Qxd5 cxd5 16. g5 Be7 17. Ne5 Bd6 18. f4 Ke7 19. Rde1 Bxe5 20. fxe5
g6 21. h5 Rhg8 22. h6 Rgc8 23. Re3 Rc7 24. Kd2 Rac8 25. c3 Rc4 26. Rf1 R8c7 27.
Ref3 Ke8 28. b3 R4c6 29. a4 a5 30. Kc2 Rb6 31. Kb2 Kf8 32. Ka3 Rbc6 33. Rc1 Ke8
34. Kb2 Ke7 35. Rc2 Ke8 36. Rf1 Kd8 37. Rfc1 Rd7 38. c4 dxc4 39. Rxc4 Kc7 40.
Rxc6+ bxc6 41. Kc3 Kb6 42. Kc4 Rd5 43. Rf1 Rd7 44. Rf4 Kc7 45. b4 Kb6 46. bxa5+
Kc7 47. Rf1 Kc8 48. a6 1-0